Statistics for 英国(联合王国)最多人口的二十大市区

Click here to take the quiz!

General Stats

  • This quiz has been taken 169 times
  • The average score is 10 of 20

Answer Stats

人口市区% Correct
10,558,797伦敦
100%
2,720,316曼彻斯特
88%
529,580爱丁堡
82%
891,211利物浦
82%
2,590,363伯明翰
81%
1,026,880格拉斯哥
70%
1,860,546利兹
65%
888,145南安普顿
61%
790,636泰恩河畔纽卡斯尔
59%
688,981谢菲尔德
55%
622,000贝尔法斯特
55%
762,786诺丁汉
53%
464,635卡迪夫
35%
680,377布里斯托尔
33%
388,758考文垂
28%
485,976伯恩茅斯
19%
518,745布赖顿和霍夫
17%
380,351特伦特河畔斯托克
10%
383,613米德尔斯堡
7%
559,017雷斯特
6%

Score Distribution

Percentile by Number Answered

Percent of People with Each Score

Your Score History

You have not taken this quiz